| 000 | 00518nam a22001812 4500 | ||
|---|---|---|---|
| 001 | 0000000408 | ||
| 005 | 20151217155800.0 | ||
| 008 | 070131s xx 000 0 eng d | ||
| 040 |
_aKABU _cKABU |
||
| 050 | 0 |
_aDT1927 _b.S68A76 |
|
| 100 | 1 |
_aArmstrong, H. C. _@0000148587 |
|
| 245 | 1 | 0 |
_aGrey steel : _bJ.C Smuts, a study in arrogance / _cH.C. Armstrong. |
| 260 |
_aLondon : _bA. Barker, _c1937. |
||
| 300 | _a406 p. | ||
| 908 | _a070131 | ||
| 950 | _@1 | ||
| 999 |
_c12308 _d12308 |
||